| 000 | 01047nam a22001937a 4500 | ||
|---|---|---|---|
| 003 | JO-AjAnu | ||
| 005 | 20240908134852.0 | ||
| 008 | 240908b jo ||||| |||| 00| 0 ara d | ||
| 040 |
_aJO-AjAnu _cJO-AjAnu |
||
| 041 | _aARA | ||
| 100 | 1 |
_aغرايبة، عبدالله محمد _966157 _eمعد |
|
| 245 | 2 | 0 |
_aالابعاد الاجتماعية في شعر مصطفى وهبي التل"عرار"= The Social Aspects in the poetry of Mustafa Wahbi AL- tALL"Arar" / _cاعداد عبدالله محمد غرايبة ؛ إشراف علي قاسم الخرابشة |
| 260 | _c2024 | ||
| 300 | _a130ورقة | ||
| 500 | _aرسالة جامعية ( رسالة ماجستير اللغة العربية وآدبها) - جامعة عجلون الوطنية (عجلون، الاردن)، كلية الآداب 2024. | ||
| 650 | 7 | 0 |
_aالشعر العربي - القرن العشرين - الاردن- تاريخ ونقد - مصطفى وهبي التل _966158 |
| 700 | 1 |
_aالخرابشة، علي قاسم _eمشرف _966053 |
|
| 942 |
_2lcc _cTHS _n0 |
||
| 999 |
_c33655 _d33655 |
||